[Event "Roquetas de Mar Long Memorial op"]
[Site "Roquetas de Mar"]
[Date "2025.05.15"]
[Round "8"]
[White "Skutta, Bernd"]
[Black "Semprun Martinez, Fernando M"]
[Result "0-1"]
[WhiteElo "1911"]
[BlackElo "2017"]
[PlyCount "90"]
[EventDate "2025.05.10"]
[EventType "swiss"]
[EventRounds "9"]
[EventCountry "ESP"]
[SourceTitle "CB21_2025"]
[SourceDate "2025.05.21"]
[SourceVersion "1"]
[SourceVersionDate "2025.05.21"]
[SourceQuality "1"]

1. d4 Nf6 2. Nf3 d5 3. c4 e6 4. Bg5 Be7 5. Nc3 h6 6. Bxf6 Bxf6 7. e3 0-0 8. Qb3 c6 9. g4 dxc4 10. Bxc4 b5 11. Be2 a5 12. Ne4 Be7 13. h4 a4 14. Qd1 f5 15. gxf5 exf5 16. Nc5 Qd5 17. Qc2 Nd7 18. Nxd7 Bb4+ 19. Kf1 Bxd7 20. Rg1 f4 21. Qg6 Bh3+ 22. Rg2 Bxg2+ 23. Kxg2 Rf6 24. Qd3 fxe3 25. fxe3 Re8 26. Kf2 Qe6 27. Rg1 Qxa2 28. e4 Qb3 29. e5 Rxf3+ 30. Kxf3 Rf8+ 31. Ke3 Qxb2 32. h5 Qc3 33. Qxc3 Bxc3 34. Kd3 Bb2 35. Bg4 Rd8 36. Be6+ Kf8 37. Rg4 c5 38. Rf4+ Ke7 39. d5 Bxe5 40. Rf7+ Kd6 41. Rb7 b4 42. Ke4 Bd4 43. Kd3 a3 44. Ra7 Ke5 45. Kc4 Rf8 0-1

[Event "Roquetas de Mar Long Memorial op"]
[Site "Roquetas de Mar"]
[Date "2025.05.13"]
[Round "5"]
[White "Kavutskiy, Konstantin"]
[Black "Skutta, Bernd"]
[Result "1-0"]
[WhiteElo "2356"]
[BlackElo "1911"]
[PlyCount "71"]
[EventDate "2025.05.10"]
[EventType "swiss"]
[EventRounds "9"]
[EventCountry "ESP"]
[SourceTitle "CB21_2025"]
[SourceDate "2025.05.21"]
[SourceVersion "1"]
[SourceVersionDate "2025.05.21"]
[SourceQuality "1"]

1. d4 f5 2. g3 Nf6 3. Bg2 e6 4. c4 d5 5. Nh3 Be7 6. 0-0 c6 7. b3 Na6 8. Nd2 Ne4 9. Nf3 Bf6 10. Ba3 Qa5 11. Bb2 Nac5 12. Qc2 Nd7 13. Nf4 Kf7 14. Nd3 Rf8 15. a4 Kg8 16. b4 Qd8 17. b5 Ng5 18. a5 Re8 19. Rfd1 Qe7 20. Nfe5 Bxe5 21. dxe5 a6 22. Ba3 Qd8 23. cxd5 cxd5 24. b6 Nf7 25. f4 Nb8 26. Nc5 Nc6 27. e4 fxe4 28. Bxe4 h6 29. Bh7+ Kh8 30. Bg6 Re7 31. Nb3 Rd7 32. Bc5 d4 33. Qe2 Kg8 34. Bd3 Rd5 35. Qe4 Bd7 36. Qh7# 1-0

[Event "Roquetas de Mar Long Memorial op"]
[Site "Roquetas de Mar"]
[Date "2025.05.11"]
[Round "3"]
[White "Guillen Martinez, Hugo"]
[Black "Skutta, Bernd"]
[Result "1-0"]
[WhiteElo "2155"]
[BlackElo "1911"]
[PlyCount "79"]
[EventDate "2025.05.10"]
[EventType "swiss"]
[EventRounds "9"]
[EventCountry "ESP"]
[SourceTitle "CB21_2025"]
[SourceDate "2025.05.21"]
[SourceVersion "1"]
[SourceVersionDate "2025.05.21"]
[SourceQuality "1"]

1. e4 c5 2. c4 e5 3. Nc3 Nc6 4. g3 d6 5. Bg2 Nf6 6. Nge2 h5 7. h3 Nd4 8. Nxd4 cxd4 9. Ne2 g5 10. d3 Bh6 11. Bd2 Be6 12. Qa4+ Qd7 13. Qxd7+ Kxd7 14. f4 gxf4 15. gxf4 Ke7 16. Bb4 b6 17. fxe5 Nd7 18. exd6+ Ke8 19. Nxd4 Ne5 20. Ke2 Kd7 21. Nf3 Nc6 22. Bc3 Rhg8 23. Rag1 Kxd6 24. b3 Rae8 25. d4 Bc8 26. Kd3 Rg3 27. Be1 Rgg8 28. Bf1 f5 29. e5+ Kc7 30. Rxg8 Rxg8 31. d5 Nd8 32. Rg1 Rxg1 33. Nxg1 f4 34. Ke4 Bb7 35. Nf3 Ne6 36. Bb4 Nc5+ 37. Bxc5 bxc5 38. Kf5 Bc8+ 39. e6 Kd6 40. Ne5 1-0

[Event "Gibraltar Challengers op-A"]
[Site "Caleta"]
[Date "2020.01.23"]
[Round "4"]
[White "Hng, Mei Xian Eunice"]
[Black "Skutta, Bernd"]
[Result "1-0"]
[WhiteElo "1661"]
[BlackElo "1998"]
[PlyCount "113"]
[EventDate "2020.01.20"]
[EventType "swiss"]
[EventRounds "5"]
[EventCountry "GGB"]
[SourceTitle "CBM 194 Extra"]
[Source "ChessBase"]
[SourceDate "2020.03.31"]
[SourceVersion "1"]
[SourceVersionDate "2020.03.31"]
[SourceQuality "1"]

1. e4 g6 2. d4 Bg7 3. Nc3 c6 4. Nf3 d6 5. h3 Nf6 6. Be2 0-0 7. 0-0 Nbd7 8. e5 Ne8 9. Bg5 f6 10. exf6 exf6 11. Be3 d5 12. Qd2 Rf7 13. a4 Nd6 14. Bf4 Nf8 15. Bd3 Ne6 16. Bg3 f5 17. Ne5 Rf8 18. Ne2 Ne4 19. Bxe4 dxe4 20. Rad1 g5 21. f4 Bxe5 22. dxe5 Qb6+ 23. Kh2 Qxb2 24. fxg5 Rd8 25. Qxd8+ Nxd8 26. Rxd8+ Kg7 27. e6 Bxe6 28. Rxa8 Qxc2 29. Nd4 Qc4 30. Nxe6+ Qxe6 31. Rxa7 e3 32. Rxb7+ Kg6 33. Rbb1 Qe4 34. a5 f4 35. Bh4 e2 36. Rfe1 Kh5 37. Bf2 f3 38. g3 Qd3 39. Ra1 Qa6 40. h4 h6 41. gxh6 Kxh6 42. Ra3 Kh5 43. Rxf3 Qxa5 44. Re3 Kg4 45. R1xe2 Qb5 46. Re4+ Kf3 47. R4e3+ Kg4 48. Rd2 c5 49. Rc3 c4 50. Rd4+ Kf5 51. Rdxc4 Qb2 52. Kg2 Qb7+ 53. Rf3+ Kg6 54. Rcf4 Qa8 55. g4 Qb7 56. h5+ Kg7 57. Rf7+ 1-0

[Event "Gibraltar Masters 15th"]
[Site "Caleta"]
[Date "2017.01.26"]
[Round "3"]
[White "Sodoma, Jan"]
[Black "Skutta, Bernd"]
[Result "1/2-1/2"]
[WhiteElo "2344"]
[BlackElo "1957"]
[PlyCount "85"]
[EventDate "2017.01.24"]
[EventType "swiss"]
[EventRounds "10"]
[EventCountry "GGB"]
[SourceTitle "CBM 177"]
[Source "ChessBase"]
[SourceDate "2017.03.16"]
[SourceVersion "1"]
[SourceVersionDate "2017.03.16"]
[SourceQuality "1"]

1. d4 f5 2. g3 Nf6 3. Bg2 e6 4. b3 d5 5. Nf3 Bd6 6. Ba3 Bxa3 7. Nxa3 Qe7 8. Qc1 0-0 9. 0-0 Bd7 10. c4 c6 11. Nc2 Be8 12. Nce1 Nbd7 13. Nd3 Bh5 14. Re1 Rac8 15. b4 h6 16. a4 Nb6 17. Nfe5 Nfd7 18. c5 Nxe5 19. Nxe5 Nd7 20. Nxd7 Qxd7 21. Ra3 g5 22. Re3 Rce8 23. Re5 f4 24. Bh3 Bg6 25. Qd2 Rf6 26. g4 Qh7 27. Bg2 Bc2 28. Ra1 Re7 29. Bf3 Bb3 30. Kg2 Qc2 31. Qd3 Bxa4 32. Qxc2 Bxc2 33. Rxa7 Kg7 34. b5 Kf7 35. b6 Bb3 36. h4 Rg6 37. e3 fxe3 38. fxe3 gxh4 39. Ra1 Rg5 40. Kh3 Kf6 41. Kxh4 Rxe5 42. dxe5+ Kxe5 43. Kh5 1/2-1/2

[Event "Gibraltar Masters 15th"]
[Site "Caleta"]
[Date "2017.01.24"]
[Round "1"]
[White "Shvayger, Yuliya"]
[Black "Skutta, Bernd"]
[Result "1-0"]
[WhiteElo "2413"]
[BlackElo "1957"]
[PlyCount "67"]
[EventDate "2017.01.24"]
[EventType "swiss"]
[EventRounds "10"]
[EventCountry "GGB"]
[SourceTitle "CBM 177"]
[Source "ChessBase"]
[SourceDate "2017.03.16"]
[SourceVersion "1"]
[SourceVersionDate "2017.03.16"]
[SourceQuality "1"]

1. e4 d6 2. d4 Nf6 3. Nc3 e5 4. Nf3 Nbd7 5. Bc4 Be7 6. 0-0 0-0 7. Re1 c6 8. a4 h6 9. h3 Qc7 10. Be3 Nxe4 11. Nxe4 d5 12. Bxd5 cxd5 13. Nc3 Qa5 14. dxe5 Bb4 15. Bd4 Nb6 16. Qd3 Bd7 17. Reb1 Rac8 18. Bxb6 axb6 19. Nxd5 Be6 20. c4 Qc5 21. b3 Bxd5 22. cxd5 Qc2 23. Rd1 Rfd8 24. Qb5 Bc5 25. Rd2 Qe4 26. Rad1 g5 27. Qd3 Qf4 28. Re2 Rc6 29. Re4 Qf5 30. Qe2 Rcc8 31. b4 Bf8 32. d6 Qd7 33. b5 Rc5 34. h4 1-0

[Event "London Classic op 8th"]
[Site "London"]
[Date "2016.12.09"]
[Round "1"]
[White "Skutta, Bernd"]
[Black "Franklin, Samuel Gideon"]
[Result "0-1"]
[WhiteElo "1942"]
[BlackElo "2310"]
[PlyCount "66"]
[EventDate "2016.12.09"]
[EventType "swiss"]
[EventRounds "9"]
[EventCountry "ENG"]
[SourceTitle "CBM 176 Extra"]
[Source "ChessBase"]
[SourceDate "2017.03.02"]
[SourceVersion "1"]
[SourceVersionDate "2017.03.02"]
[SourceQuality "1"]

1. d4 Nf6 2. Bf4 g6 3. Nf3 Bg7 4. Nbd2 0-0 5. e4 d6 6. Be2 c5 7. c3 cxd4 8. cxd4 Nc6 9. d5 Nb8 10. Qc2 Bg4 11. Rc1 Na6 12. 0-0 Rc8 13. Qb1 Nc5 14. b4 Na4 15. Qb3 Qd7 16. Be3 b5 17. Bd3 Bxf3 18. Nxf3 a6 19. h3 Rxc1 20. Rxc1 Rc8 21. Rxc8+ Qxc8 22. Nd4 Qc3 23. Nc6 Kf8 24. Nb8 Qa1+ 25. Kh2 Nxe4 26. Nd7+ Ke8 27. Qc2 Qc3 28. Nb8 Qxc2 29. Bxc2 Nec3 30. Nxa6 Nxd5 31. Bd3 Nac3 32. Nb8 Nxb4 33. a3 Nxd3 0-1

[Event "Gibraltar Masters 14th"]
[Site "Caleta"]
[Date "2016.02.03"]
[Round "9"]
[White "Skutta, Bernd"]
[Black "Walton, Alan J"]
[Result "0-1"]
[WhiteElo "1966"]
[BlackElo "2206"]
[PlyCount "58"]
[EventDate "2016.01.26"]
[EventType "swiss"]
[EventRounds "10"]
[EventCountry "GGB"]
[SourceTitle "CBM 171"]
[Source "ChessBase"]
[SourceDate "2016.03.14"]
[SourceVersion "2"]
[SourceVersionDate "2016.03.14"]
[SourceQuality "1"]

1. d4 e6 2. Nf3 d5 3. c4 c6 4. e3 f5 5. g4 fxg4 6. Ne5 Nf6 7. h3 g3 8. fxg3 Bd6 9. Nd2 Nbd7 10. Ndf3 Qc7 11. Rg1 Nxe5 12. dxe5 Bxe5 13. Nxe5 Qxe5 14. Qd4 Qd6 15. Bd2 e5 16. Qh4 Be6 17. 0-0-0 0-0-0 18. Kb1 dxc4 19. Bxc4 Bf5+ 20. Kc1 b5 21. Bb4 Qc7 22. Qg5 Bxh3 23. Bb3 h6 24. Qg6 a5 25. Bc5 Bg4 26. Rdf1 Be2 27. Rf2 Bd3 28. Qf7 Qxf7 29. Bxf7 Ne4 0-1

[Event "Gibraltar Masters 14th"]
[Site "Caleta"]
[Date "2016.01.28"]
[Round "3"]
[White "Dolzhikova, Olga"]
[Black "Skutta, Bernd"]
[Result "1/2-1/2"]
[WhiteElo "2126"]
[BlackElo "1966"]
[PlyCount "94"]
[EventDate "2016.01.26"]
[EventType "swiss"]
[EventRounds "10"]
[EventCountry "GGB"]
[SourceTitle "CBM 171"]
[Source "ChessBase"]
[SourceDate "2016.03.14"]
[SourceVersion "2"]
[SourceVersionDate "2016.03.14"]
[SourceQuality "1"]

1. e4 d6 2. d4 Nf6 3. Nc3 e5 4. Nf3 Nbd7 5. Bc4 Be7 6. h3 c6 7. Bb3 0-0 8. g4 exd4 9. Nxd4 Nc5 10. Qf3 Nxb3 11. axb3 Re8 12. Be3 d5 13. exd5 Bb4 14. dxc6 Qxd4 15. cxb7 Bxb7 16. Qxb7 Bxc3+ 17. bxc3 Qxc3+ 18. Ke2 Qxc2+ 19. Kf1 Rab8 20. Qxa7 Nd5 21. Re1 Rxb3 22. Qa4 Qe4 23. Qxe4 Rxe4 24. Bd2 Rxe1+ 25. Bxe1 Nf4 26. h4 Rb1 27. Rg1 f6 28. Rg3 Kf7 29. Re3 Ng6 30. h5 Ne5 31. f3 Rb2 32. Bf2 g6 33. hxg6+ hxg6 34. Bg3 Nc4 35. Rc3 Nd2+ 36. Ke1 Ke6 37. Bf4 Nb1 38. Rc6+ Ke7 39. Be3 Rb3 40. Kf2 Nc3 41. Bc5+ Kf7 42. Bd4 Nd5 43. Rd6 Rb5 44. g5 fxg5 45. Kg3 Nf4 46. Be3 Ne6 47. Bd2 Rc5 1/2-1/2

[Event "Gibraltar Masters 13th"]
[Site "Caleta"]
[Date "2015.02.04"]
[Round "9"]
[White "Opasiak, Dustin Tennessee"]
[Black "Skutta, Bernd"]
[Result "0-1"]
[WhiteElo "1729"]
[BlackElo "2059"]
[PlyCount "52"]
[EventDate "2015.01.27"]
[EventType "swiss"]
[EventRounds "10"]
[EventCountry "GGB"]
[SourceTitle "CBM 165"]
[Source "ChessBase"]
[SourceDate "2015.03.11"]
[SourceVersion "1"]
[SourceVersionDate "2015.03.11"]
[SourceQuality "1"]

1. e4 d6 2. Nf3 Nf6 3. d3 e5 4. g3 Be7 5. Bg2 h6 6. 0-0 Be6 7. Ne1 g5 8. Nc3 c6 9. Be3 Ng4 10. d4 Nxe3 11. fxe3 Qd7 12. Qf3 Rh7 13. d5 Bg4 14. Qf2 c5 15. a4 Na6 16. Nb5 h5 17. Bf3 Bh3 18. Ng2 0-0-0 19. Qd2 Kb8 20. Be2 h4 21. Rf2 hxg3 22. hxg3 Rdh8 23. Raf1 f6 24. c3 Bg4 25. Rxf6 Rh1+ 26. Kf2 Rxf1+ 0-1

[Event "Gibraltar Masters 13th"]
[Site "Caleta"]
[Date "2015.02.02"]
[Round "7"]
[White "Weishaeutel, Moritz"]
[Black "Skutta, Bernd"]
[Result "1-0"]
[WhiteElo "1905"]
[BlackElo "2059"]
[PlyCount "81"]
[EventDate "2015.01.27"]
[EventType "swiss"]
[EventRounds "10"]
[EventCountry "GGB"]
[SourceTitle "CBM 165"]
[Source "ChessBase"]
[SourceDate "2015.03.11"]
[SourceVersion "1"]
[SourceVersionDate "2015.03.11"]
[SourceQuality "1"]

1. e4 g6 2. d4 Bg7 3. Nc3 d6 4. Be3 a6 5. f4 b5 6. Nf3 Bb7 7. Bd3 Nd7 8. e5 c5 9. Be4 Qc8 10. Bxb7 Qxb7 11. dxc5 dxe5 12. Qd5 Qxd5 13. Nxd5 Rc8 14. Nb6 Nxb6 15. cxb6 Nf6 16. fxe5 Nd5 17. Bf2 0-0 18. Rd1 e6 19. c3 Rb8 20. 0-0 Rfc8 21. Bd4 h6 22. Rf2 Rc6 23. Rdf1 Nxb6 24. Nd2 Rc7 25. b3 Rd7 26. Ne4 b4 27. Nc5 Rd5 28. Nxa6 Rb7 29. Nxb4 Bxe5 30. Bxb6 Rdd7 31. Be3 Bxc3 32. Na6 Rd5 33. Nc5 Rc7 34. Ne4 Rd3 35. Nxc3 Rxe3 36. Nb5 Rd7 37. Na3 f5 38. Nc4 Re4 39. a4 Rd3 40. Rf3 Rxf3 41. gxf3 1-0

[Event "Gibraltar Masters 13th"]
[Site "Caleta"]
[Date "2015.02.01"]
[Round "6"]
[White "Skutta, Bernd"]
[Black "Galmandakh, Badrakh"]
[Result "0-1"]
[WhiteElo "2059"]
[BlackElo "2240"]
[PlyCount "80"]
[EventDate "2015.01.27"]
[EventType "swiss"]
[EventRounds "10"]
[EventCountry "GGB"]
[SourceTitle "CBM 165"]
[Source "ChessBase"]
[SourceDate "2015.03.11"]
[SourceVersion "1"]
[SourceVersionDate "2015.03.11"]
[SourceQuality "1"]

1. d4 d6 2. e4 Nf6 3. Nc3 e5 4. Nf3 Nbd7 5. Bc4 Be7 6. 0-0 0-0 7. Re1 c6 8. a4 a5 9. b3 exd4 10. Nxd4 Nb6 11. Bf1 d5 12. e5 Ne8 13. Nce2 g6 14. Nf4 Ng7 15. Bb2 f6 16. e6 Bd6 17. Qf3 Qc7 18. g3 Be5 19. Bh3 Qe7 20. Ba3 Bd6 21. Bb2 Be5 22. Re2 c5 23. c3 cxd4 24. cxd4 Bd6 25. Nxd5 Nxd5 26. Qxd5 Ra7 27. Qb5 Ne8 28. d5 Bc5 29. b4 axb4 30. Rc2 b6 31. a5 Ba6 32. Qa4 Bb7 33. Qb3 bxa5 34. Qc4 Bd6 35. Bd4 Ra8 36. Qb5 a4 37. Rc4 Ba6 38. Qxa4 Bxc4 39. Qxa8 Nc7 40. Qa4 Bxd5 0-1